Costume in the world. (Record no. 103555)
[ view plain ]
| 000 -LEADER | |
|---|---|
| fixed length control field | 00314nam a2200133 a 4500 |
| 005 - DATE AND TIME OF LATEST TRANSACTION | |
| control field | 20140412111304.0 |
| 008 - FIXED-LENGTH DATA ELEMENTS--GENERAL INFORMATION | |
| fixed length control field | 001118s19uu xx 00 eng d |
| 050 ## - LIBRARY OF CONGRESS CALL NUMBER | |
| Classification number | M 391 |
| Item number | Co837 1985 |
| 245 ## - TITLE STATEMENT | |
| Title | Costume in the world. |
| 300 ## - PHYSICAL DESCRIPTION | |
| Extent | 13 p. |
| 440 ## - SERIES STATEMENT/ADDED ENTRY--TITLE | |
| Title | My picture library |
| 650 ## - SUBJECT ADDED ENTRY--TOPICAL TERM | |
| Topical term or geographic name as entry element | Costume |
| Withdrawn status | Lost status | Damaged status | Home library | Current library | Shelving location | Date acquired | Total Checkouts | Full call number | Barcode | Date last seen | Price effective from | Koha item type |
|---|---|---|---|---|---|---|---|---|---|---|---|---|
| Elizalde Library | Elizalde Library | Main Section | 11/18/2000 | M 391 Co837 1985 | E5261 | 04/12/2014 | 04/12/2014 | Books |